Boletin CESNI (Registro nro. 1067)
[ vista simple ]
| 000 -LEADER | |
|---|---|
| fixed length control field | 00689nas a22001817a 4500 |
| 008 - CAMPO DE CONTROL RECURSOS CONTINUADOS | |
| fixed length control field | 120705t19879999ag ||||| |||| 00| 0 spa d |
| 022 ## - INTERNATIONAL STANDARD SERIAL NUMBER | |
| International Standard Serial Number | 0327-5124 |
| 245 ## - TITULO | |
| Titulo | Boletin CESNI |
| Mención de responsabildady, etc | Centro de Estudios sobre Nutrición Infantil |
| 260 ## - PUBLICACION, DISTRIBUCION, ETC. (PIE DE IMPRENTA) | |
| Lugar de publicación, distribución, etc | Buenos Aires : |
| Nombre de la editorial, distribuidor, etc. | Centro de Estudios sobre Nutrición Infantil, |
| Fecha de publicación | 1987 |
| 300 ## - DESCRIPCION FISICA | |
| Extensión | v. : |
| 310 ## - FRECUENCIA ACTUAL DE LA PUBLICACION | |
| Frecuencia actual de la publicación | trimestral |
| 546 ## - NOTA DE IDIOMA | |
| Nota de lenguaje | Texto en español |
| 590 ## - NOTAS LOCALES (RLIN) | |
| Nota local | Existencias: 1987 1(ago,oct); 1989 2(sep,dic); 1990 3(abr,oct); 1991 4(mar,oct); 1992 5(feb,may); 1993 6(abr); 1998 7(ago,nov); 1999 8(ago); 2000 9(jun) |
| 590 ## - NOTAS LOCALES (RLIN) | |
| Nota local | Indizada en: Latindex |
| 650 ## - MATERIA-TERMINO TEMATICO | |
| Término temático | PEDIATRIA-NUTRICION |
| 9 (RLIN) | 1746 |
| 856 ## - LOCALIZACION ELECTRONICA Y ACCESO | |
| Identificador Uniforme de Recurso (URI) | <a href="http://beta.cesni.org.ar/">http://beta.cesni.org.ar/</a> |
| 942 ## - ADDED ENTRY ELEMENTS (KOHA) | |
| Source of classification or shelving scheme | Dewey Decimal Classification |
| Item type | Continuing Resources |
No hay ítems disponibles.